000 00787cam a22001694a 4500
005 20250605163342.0
008 250528s ||||||||||||||||||||||||d
035 _a17422
040 _aGR-AtMCL
_bgre
_dGR-AtMCL
_eAACR2
245 1 _aΣήμανση Ασφαλείας και Υγείας / Στους Χώρους Εργασίας
260 _bΕπτάλοφος
_bΥπουργείο Εργασίας Και Κοινωνικής Ασφάλησης,
_c2009
300 _a24
520 _aΕμφανιζόμενες Γλώσσες: Ελληνικά, Αγγλικά, Γαλλικά, Αλβανικά, Βουλγάρικα, Πολωνικά, Αραβικά, Ρουμάνικα, Πακιστανικά, Κινέζικα, Ρώσικα.
942 _cBK
999 _c2843
_d2843